000 00591nam a2200241Ia 4500
003 OSt
005 20220918190744.0
006 a|||||r|||| 00| 0
007 ta
008 220917b |||||||| |||| 00| 0 eng d
024 _a59,330
037 _cTextual
040 _aARTS
_cARTS
_beng
041 _2eng
_aeng
082 _aQ2, L8
100 _aBanerjee M
_973567
245 0 _aInvitation to Hinduism
260 _aDelhi
_bArnold Heinemann
_c1978
300 _a160p.
_ccm.
650 _aRELIGION
942 _hQ2, L8
_cTEXL
_2CC
999 _c186689
_d186689